[Event "Pardubice Open A"]
[Site "?"]
[Date "2015.08.01"]
[Round "9.62"]
[White "GARCIA ROMAN, Daniel"]
[Black "BARTOS, Jan"]
[Result "1-0"]
[WhiteElo "2420"]
[BlackElo "2240"]
[PlyCount "93"]
[EventDate "2015.??.??"]
[WhiteClock "0:06:38"]
[BlackClock "0:25:08"]

1. d4 Nf6 2. c4 e6 3. Nc3 Bb4 4. Nf3 O-O 5. Bg5 c5 6. Rc1 h6 7. Bh4 cxd4 8.
Nxd4 d5 9. cxd5 g5 10. Bg3 Qxd5 11. a3 Bxc3+ 12. bxc3 Ne4 13. f3 Nxg3 14. hxg3
Kg7 15. e4 Qe5 16. Kf2 Qf6 17. g4 e5 18. Nf5+ Bxf5 19. gxf5 Qb6+ 20. Kg3 Rd8
21. Qe1 Nd7 22. Rb1 Qc7 23. Bb5 Nf6 24. Qe3 Rac8 25. Rxh6 Kxh6 26. Rh1+ Nh5+
27. Kg4 f6 28. Rxh5+ Kg7 29. Qxa7 Rh8 30. Rxh8 Rxh8 31. c4 Qf7 32. Kg3 Rd8 33.
Qa5 Rd1 34. Qb4 Kg8 35. c5 Qh5 36. Kf2 Qh4+ 37. Ke2 Rg1 38. Bc4+ Kg7 39. c6
Rxg2+ 40. Kd3 g4 41. c7 Kh6 42. c8=Q Kg5 43. Qbc5 Kf4 44. Qe3+ Kg3 45. Qe1+ Rf2
46. Qc5 Kxf3 47. Qg1 1-0

[Event "Pardubice Open A"]
[Site "?"]
[Date "2015.08.01"]
[Round "9.63"]
[White "CHERNYSHOV, Konstantin"]
[Black "FURMAN, Boris"]
[Result "1-0"]
[WhiteElo "2529"]
[BlackElo "2239"]
[PlyCount "111"]
[EventDate "2015.??.??"]
[WhiteClock "0:14:50"]
[BlackClock "0:07:41"]

1. d4 Nf6 2. c4 e6 3. Nf3 d5 4. b3 b6 5. e3 Bd6 6. Bd3 Bb7 7. O-O O-O 8. Qc2 c5
9. cxd5 exd5 10. Bb2 Nbd7 11. Nc3 Rc8 12. dxc5 bxc5 13. Rfd1 Qe7 14. Qe2 Ne5
15. Nb5 Nxf3+ 16. Qxf3 Bb8 17. Bxf6 Qxf6 18. Qxf6 gxf6 19. Rac1 a6 20. Nc3 d4
21. Be4 dxc3 22. Bxb7 Rcd8 23. Bd5 Be5 24. Kf1 f5 25. Ke2 a5 26. Bc4 f4 27. Bd5
fxe3 28. fxe3 Rd6 29. Rd3 Rfd8 30. e4 Kg7 31. Rf1 Rf6 32. Rxf6 Bxf6 33. Rf3 Rd7
34. Kd3 Bd4 35. g4 f6 36. Rf5 h6 37. a3 Be5 38. h4 Ra7 39. g5 hxg5 40. hxg5 Kg6
41. Bc6 Re7 42. gxf6 Bxf6 43. Rxc5 Rh7 44. Be8+ Kg7 45. Bh5 Kf8 46. Rxa5 Rd7+
47. Rd5 Rxd5+ 48. exd5 Ke7 49. Bg6 Kd6 50. Kc4 Be5 51. b4 Kc7 52. a4 Kb6 53.
a5+ Kb7 54. Be4 Kc7 55. b5 Kb8 56. b6 1-0

[Event "Pardubice Open A"]
[Site "?"]
[Date "2015.08.01"]
[Round "9.64"]
[White "KRAUS, Tomas"]
[Black "BASHIRLI, Nail"]
[Result "1-0"]
[WhiteElo "2399"]
[BlackElo "2235"]
[PlyCount "89"]
[EventDate "2015.??.??"]
[WhiteClock "0:34:44"]
[BlackClock "0:31:32"]

1. e4 c5 2. Nf3 d6 3. d4 cxd4 4. Nxd4 Nf6 5. f3 e5 6. Nb3 Be6 7. c4 Nbd7 8. Be3
Rc8 9. N3d2 b5 10. b3 bxc4 11. bxc4 Qa5 12. Kf2 Be7 13. Nb3 Qb4 14. N1d2 Bd8
15. Bxa7 Nb6 16. g3 O-O 17. Kg2 Nxc4 18. Nxc4 Bxc4 19. Bxc4 Rxc4 20. Qe2 d5 21.
Rhc1 Rxc1 22. Rxc1 Qb7 23. Bc5 Re8 24. exd5 Qxd5 25. Bf2 Be7 26. Qc4 Qa8 27. a4
e4 28. Qc6 exf3+ 29. Kxf3 Qb8 30. Nd4 Ba3 31. Rc2 h5 32. a5 Ng4 33. Kg2 Rd8 34.
Nb5 Ne5 35. Qc7 Qa8+ 36. Kh3 Ng4 37. Nxa3 Qd5 38. Bb6 Re8 39. Qc6 Qe5 40. a6
Re6 41. a7 Qf5 42. a8=Q+ Kh7 43. Qxe6 fxe6 44. Kg2 h4 45. h3 1-0

[Event "Pardubice Open A"]
[Site "?"]
[Date "2015.08.01"]
[Round "9.65"]
[White "THANNHEISER, Thomas"]
[Black "MUELLER, Ralf"]
[Result "1/2-1/2"]
[WhiteElo "2232"]
[BlackElo "2384"]
[PlyCount "74"]
[EventDate "2015.??.??"]
[WhiteClock "0:39:11"]
[BlackClock "0:13:40"]

1. e4 e5 2. Nf3 Nc6 3. Bc4 Nf6 4. d4 exd4 5. O-O Nxe4 6. Re1 d5 7. Bxd5 Qxd5 8.
Nc3 Qh5 9. Nxe4 Be6 10. Bg5 Bd6 11. Nxd6+ cxd6 12. Bf4 Qd5 13. c3 Rc8 14. Nxd4
Nxd4 15. Qxd4 Qxd4 16. cxd4 Kd7 17. Bd2 Rhe8 18. a3 Kc6 19. f3 h5 20. Kf2 Kd5
21. Rac1 g6 22. Bf4 a5 23. Bd2 b6 24. Bf4 b5 25. Bd2 Rxc1 26. Rxc1 Ra8 27. Ke3
Bf5 28. h3 Re8+ 29. Kf2 Bd3 30. Re1 Rxe1 31. Bxe1 b4 32. axb4 a4 33. b5 Kxd4
34. b6 Ba6 35. Bb4 d5 36. Be7 Kc4 37. h4 d4 1/2-1/2

[Event "Pardubice Open A"]
[Site "?"]
[Date "2015.08.01"]
[Round "9.66"]
[White "LORSCHEID, Gerhard"]
[Black "GHENG, Josef"]
[Result "1/2-1/2"]
[WhiteElo "2224"]
[BlackElo "2376"]
[PlyCount "136"]
[EventDate "2015.??.??"]
[WhiteClock "0:09:51"]
[BlackClock "0:16:22"]

1. Nf3 Nf6 2. c4 e6 3. b3 d5 4. Bb2 Be7 5. g3 O-O 6. Bg2 b6 7. O-O Bb7 8. e3
dxc4 9. bxc4 Nbd7 10. Qc2 Re8 11. d3 Rc8 12. Nc3 Bf8 13. Rfd1 c6 14. Ng5 Qc7
15. d4 b5 16. Nce4 bxc4 17. Nxf6+ Nxf6 18. Qxc4 c5 19. Bxb7 Qxb7 20. Qb3 Qd5
21. Qxd5 Nxd5 22. dxc5 Rxc5 23. Ba3 Ra5 24. Bxf8 Rxf8 25. Nf3 Rb8 26. Rd2 h6
27. Rc1 Rb4 28. Kg2 g6 29. Rcc2 Kg7 30. Nd4 Ra3 31. Nb3 a5 32. h4 a4 33. Nc5
Rc3 34. Rxc3 Nxc3 35. Rc2 Nb5 36. a3 Nxa3 37. Ra2 Nb5 38. Nxa4 Rc4 39. Rb2 Nd6
40. Nb6 Rc7 41. Na4 g5 42. hxg5 hxg5 43. f3 g4 44. Nb6 Nf5 45. Kf2 gxf3 46. g4
Nh4 47. Kg3 Ng6 48. Kxf3 Ne5+ 49. Kg3 Rc3 50. Rb5 f6 51. Kf4 Rc1 52. g5 Ng6+
53. Kf3 f5 54. Nd7 Rg1 55. Rb7 Nh4+ 56. Kf4 Rg4+ 57. Ke5 Re4+ 58. Kd6 Kg6 59.
Nc5 Rxe3 60. Nxe6 Rd3+ 61. Ke5 Re3+ 62. Kd6 Kh5 63. Rh7+ Kg4 64. Rf7 Ng6 65.
Rf6 Rd3+ 66. Kc5 Ne5 67. Kb4 Rd7 68. g6 Nxg6 1/2-1/2

[Event "Pardubice Open A"]
[Site "?"]
[Date "2015.08.01"]
[Round "9.67"]
[White "SZOTKOWSKI, Jakub"]
[Black "MEJAK, Severin"]
[Result "1-0"]
[WhiteElo "2356"]
[BlackElo "2235"]
[PlyCount "85"]
[EventDate "2015.??.??"]
[WhiteClock "0:44:59"]
[BlackClock "0:28:36"]

1. d4 d5 2. c4 e6 3. Nf3 Nf6 4. g3 dxc4 5. Bg2 Nc6 6. Qa4 Bb4+ 7. Bd2 Nd5 8.
Ne5 Bd7 9. Nxd7 Qxd7 10. O-O Bxd2 11. Nxd2 Nb6 12. Qb5 Nxd4 13. Qxd7+ Kxd7 14.
Rfd1 Kc8 15. Ne4 Nf5 16. Rd2 Rf8 17. Rad1 c6 18. Nc5 Kc7 19. a4 Rad8 20. a5 c3
21. bxc3 Nc4 22. Rd7+ Kc8 23. a6 b6 24. Bxc6 Nfd6 25. Rxd8+ Rxd8 26. Nb7 Rf8
27. Nxd6+ Nxd6 28. Rxd6 Kc7 29. Rd7+ Kxc6 30. Rxa7 Kb5 31. h4 Ka5 32. c4 h5 33.
Kg2 g6 34. Kf3 e5 35. Ke4 f5+ 36. Kxe5 f4 37. gxf4 Re8+ 38. Kf6 Rxe2 39. Kxg6
Re4 40. f5 Rxh4 41. f6 Rf4 42. f7 h4 43. Ra8 1-0

[Event "Pardubice Open A"]
[Site "?"]
[Date "2015.08.01"]
[Round "9.68"]
[White "KLECKER, Tadeas"]
[Black "NUN, Jiri"]
[Result "1/2-1/2"]
[WhiteElo "2206"]
[BlackElo "2355"]
[PlyCount "24"]
[EventDate "2015.??.??"]
[WhiteClock "1:06:41"]
[BlackClock "1:26:32"]

1. d4 Nf6 2. c4 c5 3. d5 b5 4. cxb5 a6 5. bxa6 Bxa6 6. Nc3 d6 7. Nf3 g6 8. e4
Bxf1 9. Kxf1 Bg7 10. g3 O-O 11. Kg2 Nbd7 12. a4 Ra6 1/2-1/2

[Event "Pardubice Open A"]
[Site "?"]
[Date "2015.08.01"]
[Round "9.69"]
[White "PARAMZINA, Anastasya"]
[Black "DRNOVSEK, Gal"]
[Result "0-1"]
[WhiteElo "2328"]
[BlackElo "2228"]
[PlyCount "76"]
[EventDate "2015.??.??"]
[WhiteClock "0:28:49"]
[BlackClock "0:34:28"]

1. e4 c5 2. Nf3 d6 3. d4 cxd4 4. Nxd4 Nf6 5. Nc3 a6 6. h3 e6 7. g4 Be7 8. Bg2
Nfd7 9. Be3 Nc6 10. Qe2 Nxd4 11. Bxd4 O-O 12. O-O-O b5 13. e5 d5 14. Nxd5 exd5
15. Bxd5 Rb8 16. Ba7 Rb7 17. Bxb7 Bxb7 18. Rhe1 Qc7 19. e6 Nf6 20. Kb1 Nd5 21.
Bd4 Qc6 22. exf7+ Rxf7 23. f4 Nxf4 24. Qd2 Nd5 25. Rf1 Nf6 26. Bxf6 Rxf6 27.
Qh2 Rxf1 28. Rxf1 h6 29. h4 Bd6 30. Qf2 Qc4 31. g5 hxg5 32. hxg5 Be4 33. Rd1
Be5 34. Qd2 Bf4 35. Qf2 Bxg5 36. Rg1 Be7 37. Rd1 Bf6 38. Qd2 b4 0-1

[Event "Pardubice Open A"]
[Site "?"]
[Date "2015.08.01"]
[Round "9.70"]
[White "MICHENKA, Jozef"]
[Black "MANIGK, Sebastian"]
[Result "0-1"]
[WhiteElo "2323"]
[BlackElo "2214"]
[PlyCount "108"]
[EventDate "2015.??.??"]
[WhiteClock "0:34:38"]
[BlackClock "0:21:27"]

1. d4 Nf6 2. c4 e6 3. Nc3 Bb4 4. Qc2 O-O 5. a3 Bxc3+ 6. Qxc3 b6 7. Nf3 Bb7 8.
g3 d5 9. Bg2 dxc4 10. Qxc4 Bd5 11. Qa4 Nc6 12. Bg5 Na5 13. O-O Rc8 14. b4 Nb3
15. Rad1 c6 16. b5 cxb5 17. Qxb5 h6 18. Bxf6 Qxf6 19. Qb4 Rfd8 20. e4 a5 21.
Qxb6 Rb8 22. Qa7 Bxe4 23. Ne5 Bxg2 24. Kxg2 Nxd4 25. Rfe1 Ra8 26. Qb7 Nf5 27.
Nc6 Rf8 28. Ne5 Rfb8 29. Qf3 Rd8 30. Nc6 Re8 31. Rd7 Rf8 32. Rb1 Nh4+ 33. gxh4
Qg6+ 34. Kh3 Qxb1 35. Ne7+ Kh8 36. Qc3 Rab8 37. Rd3 a4 38. Rg3 Qf1+ 39. Kg4 Rb3
40. Qc5 Qe2+ 41. Kh3 Qf1+ 42. Kg4 Rfb8 43. Qd4 Rxg3+ 44. hxg3 f5+ 45. Kf4 Qc1+
46. Kf3 Qh1+ 47. Kf4 Qe4+ 48. Qxe4 fxe4 49. Kxe4 Rb3 50. Nc6 Rxa3 51. Nd4 Rc3
52. Nb5 Rb3 53. Nd4 Rb2 54. f3 a3 0-1

[Event "Pardubice Open A"]
[Site "?"]
[Date "2015.08.01"]
[Round "9.71"]
[White "MISHUCHKOV, Nikolai M"]
[Black "GOKERKAN, Cem Kaan"]
[Result "1/2-1/2"]
[WhiteElo "2320"]
[BlackElo "2205"]
[PlyCount "91"]
[EventDate "2015.??.??"]
[WhiteClock "0:34:02"]
[BlackClock "0:15:28"]

1. Nf3 Nf6 2. d4 g6 3. g3 Bg7 4. Bg2 O-O 5. O-O d5 6. Bf4 c5 7. c3 Nfd7 8. Na3
Qb6 9. Qb3 Qxb3 10. axb3 cxd4 11. cxd4 Na6 12. Nb5 Nf6 13. Rfc1 Nh5 14. Bg5 e6
15. Be7 Re8 16. Nc7 Nxc7 17. Rxc7 Bf8 18. Bxf8 Rxf8 19. Ne5 Ng7 20. e4 Ne8 21.
Re7 Nd6 22. exd5 Nf5 23. Rc7 Nxd4 24. Rd1 Nb5 25. Re7 exd5 26. Rxd5 a6 27. Nd7
Rd8 28. Nc5 Rxd5 29. Bxd5 Nd6 30. Nd7 Kg7 31. Nb6 Kf6 32. Rc7 Rb8 33. Nc4 Be6
34. Bxe6 Kxe6 35. Nxd6 Kxd6 36. Rxf7 Kc5 37. Rxh7 Kb4 38. Rg7 Kxb3 39. Rxg6
Kxb2 40. h4 a5 41. h5 b5 42. h6 b4 43. Ra6 b3 44. h7 Kc2 45. Rc6+ Kb2 46. Ra6
1/2-1/2

[Event "Pardubice Open A"]
[Site "?"]
[Date "2015.08.01"]
[Round "9.72"]
[White "TOMAZINI, Aljosa"]
[Black "UTIATSKAJA, Irina"]
[Result "1-0"]
[WhiteElo "2309"]
[BlackElo "2200"]
[PlyCount "81"]
[EventDate "2015.??.??"]
[WhiteClock "0:01:48"]
[BlackClock "0:09:52"]

1. d4 Nf6 2. c4 g6 3. Nc3 Bg7 4. e4 d6 5. Nf3 O-O 6. h3 e5 7. d5 a5 8. g4 Na6
9. Be3 c6 10. Be2 Nc5 11. Nd2 a4 12. a3 Qa5 13. Kf1 Ne8 14. Kg2 Bd7 15. g5 f5
16. h4 Rf7 17. Qg1 f4 18. Bxc5 dxc5 19. h5 Qd8 20. Kf1 Bf8 21. hxg6 hxg6 22.
Qh2 Rg7 23. Nf3 Bd6 24. Qh6 Nc7 25. Nh2 Be7 26. Nf3 Bd6 27. Rd1 Qe7 28. dxc6
bxc6 29. Nh4 Be8 30. Nf5 gxf5 31. Qh8+ Kf7 32. Bh5+ Ke6 33. exf5+ Kd7 34. f6
Bxh5 35. Qxh5 Qe6 36. fxg7 Qxc4+ 37. Qe2 Qf7 38. Rh8 Rg8 39. Rxg8 Qxg8 40. Ne4
Ne8 41. Rxd6+ 1-0

[Event "Pardubice Open A"]
[Site "?"]
[Date "2015.08.01"]
[Round "9.73"]
[White "VAFIADIS, Kleanthis"]
[Black "KOTYK, Vaclav"]
[Result "1-0"]
[WhiteElo "2301"]
[BlackElo "2147"]
[PlyCount "75"]
[EventDate "2015.??.??"]
[WhiteClock "0:10:40"]
[BlackClock "0:19:23"]

1. d4 Nf6 2. c4 g6 3. Nc3 d5 4. cxd5 Nxd5 5. g3 Bg7 6. Bg2 Nxc3 7. bxc3 c5 8.
Nf3 Qa5 9. Bd2 O-O 10. O-O Rd8 11. Qb3 Qa6 12. Ng5 e6 13. Ne4 cxd4 14. Bg5 Rf8
15. cxd4 Nc6 16. e3 e5 17. dxe5 Nxe5 18. Rab1 Rb8 19. f4 Be6 20. Qb5 Qxb5 21.
Rxb5 Bc4 22. Rxe5 Bxf1 23. Bxf1 f6 24. Re7 fxg5 25. Bc4+ Kh8 26. Nxg5 h6 27.
Ne6 Rfe8 28. Rd7 Bb2 29. e4 Ba3 30. Rf7 b5 31. Bd5 Rb6 32. f5 gxf5 33. exf5 Rd6
34. Nf4 Red8 35. f6 Rg8 36. Be4 Rg5 37. Rf8+ Rg8 38. Ng6+ 1-0

[Event "Pardubice Open A"]
[Site "?"]
[Date "2015.08.01"]
[Round "9.74"]
[White "KOLOLLI, Kevin"]
[Black "JEDLICKA, Ales"]
[Result "1/2-1/2"]
[WhiteElo "2203"]
[BlackElo "2299"]
[PlyCount "226"]
[EventDate "2015.??.??"]
[WhiteClock "1:15:38"]
[BlackClock "0:17:53"]

1. e4 c5 2. Nf3 Nc6 3. c3 d5 4. exd5 Qxd5 5. d4 e6 6. Bd3 Nf6 7. O-O Be7 8. Be3
O-O 9. dxc5 Rd8 10. Bc2 Qh5 11. Qe2 Bxc5 12. Bxc5 Qxc5 13. Nbd2 e5 14. Ne4 Qe7
15. Rfe1 Bg4 16. Nxf6+ Qxf6 17. Qe4 Bxf3 18. Qxh7+ Kf8 19. gxf3 g6 20. Be4 Rd6
21. Re2 Rad8 22. Rae1 Re6 23. Qh6+ Kg8 24. h4 Rde8 25. Qg5 Kg7 26. Kg2 Rh8 27.
Qxf6+ Kxf6 28. Bd5 Rd6 29. Bxc6 Rxc6 30. Rxe5 Rxh4 31. Re7 Rb6 32. b3 Rb5 33.
R7e4 Rg5+ 34. Kf1 Rh1+ 35. Ke2 Rxe1+ 36. Kxe1 Rg1+ 37. Ke2 Ra1 38. Ra4 a6 39.
Ra5 Ke6 40. f4 Kd6 41. Kd3 f6 42. Ra4 Rf1 43. Ke2 Rc1 44. Kd2 Rf1 45. Rd4+ Ke6
46. Ke2 Rc1 47. Kd2 Ra1 48. a4 Ra2+ 49. Ke3 Rc2 50. Rd3 a5 51. f3 Rc1 52. Kd4
Kf5 53. Kc5 Kxf4 54. Kb6 Rf1 55. Kxb7 Rxf3 56. Rxf3+ Kxf3 57. c4 g5 58. c5 g4
59. c6 g3 60. c7 g2 61. c8=Q g1=Q 62. Qf5+ Ke2 63. Qxf6 Qc5 64. Qc6 Qe7+ 65.
Ka6 Qd8 66. Qb5+ Kd1 67. Qc6 Kd2 68. Kb5 Kd3 69. b4 axb4 70. Kxb4 Qd4+ 71. Kb5
Qe5+ 72. Ka6 Kd2 73. a5 Qe2+ 74. Kb7 Qe7+ 75. Kc8 Ke2 76. a6 Qf8+ 77. Kb7 Qb4+
78. Kc7 Qe7+ 79. Kb6 Qd8+ 80. Kb5 Qb8+ 81. Ka5 Qd8+ 82. Kb5 Qb8+ 83. Kc5 Qe5+
84. Qd5 Qc7+ 85. Kb5 Qb8+ 86. Ka4 Qf4+ 87. Kb3 Qe3+ 88. Ka2 Qb6 89. Qb7 Qe6+
90. Ka1 Qc4 91. a7 Qa4+ 92. Kb2 Qd4+ 93. Kb3 Qd1+ 94. Kc4 Qd3+ 95. Kc5 Qe3+ 96.
Kd6 Qd4+ 97. Ke6 Qc4+ 98. Ke7 Qh4+ 99. Kd7 Qh7+ 100. Kc8 Qg8+ 101. Kc7 Qf7+
102. Kb8 Qe8+ 103. Qc8 Qb5+ 104. Qb7 Qe8+ 105. Kc7 Qe7+ 106. Kc6 Qe4+ 107. Kb6
Qb4+ 108. Ka6 Qa4+ 109. Kb6 Qb4+ 110. Kc7 Qe7+ 111. Kb8 Qe8+ 112. Qc8 Qb5+ 113.
Kc7 Qc5+ 1/2-1/2

[Event "Pardubice Open A"]
[Site "?"]
[Date "2015.08.01"]
[Round "9.75"]
[White "MANN, Johannes"]
[Black "BARAEVA, Marina"]
[Result "0-1"]
[WhiteElo "2295"]
[BlackElo "2182"]
[PlyCount "86"]
[EventDate "2015.??.??"]
[WhiteClock "0:17:04"]
[BlackClock "0:45:04"]

1. d4 d5 2. c4 c6 3. Nf3 Nf6 4. Nc3 dxc4 5. a4 Bf5 6. Ne5 Nbd7 7. Nxc4 Nb6 8.
Ne5 Nfd7 9. e4 Nxe5 10. exf5 Ned7 11. a5 Nc8 12. Qb3 Nd6 13. Bd3 g6 14. Bf4
Nxf5 15. Bxf5 gxf5 16. Qxb7 Qc8 17. a6 Bg7 18. Rd1 O-O 19. O-O Re8 20. Bc7 c5
21. Nb5 Rb8 22. Bxb8 Qxb7 23. axb7 Rxb8 24. dxc5 Nxc5 25. Rd5 Nxb7 26. Nxa7 Ra8
27. Nc6 e6 28. Rb5 Nd6 29. Rb4 Bf6 30. g3 Ra2 31. Rb8+ Kg7 32. b4 Rc2 33. Rb6
Nc4 34. Ra6 Nd2 35. Rd1 Ne4 36. Rf1 Nd2 37. Rd1 Ne4 38. f3 Nf2 39. Rd7 Nh3+ 40.
Kf1 Bc3 41. Rd2 Rxd2 42. Ke1 Ra2+ 43. Kf1 Rf2# 0-1

[Event "Pardubice Open A"]
[Site "?"]
[Date "2015.08.01"]
[Round "9.76"]
[White "RIETZE, Clemens"]
[Black "MITUROVA, Magdalena"]
[Result "0-1"]
[WhiteElo "2289"]
[BlackElo "2149"]
[PlyCount "52"]
[EventDate "2015.??.??"]
[WhiteClock "0:13:49"]
[BlackClock "0:11:28"]

1. d4 Nf6 2. c4 e6 3. Nc3 Bb4 4. Bd2 O-O 5. e3 b6 6. Be2 Bb7 7. Nf3 d5 8. O-O
dxc4 9. Bxc4 Nbd7 10. Qe2 c5 11. dxc5 Bxc5 12. a3 Bxf3 13. gxf3 Ne5 14. Rfd1
Nxc4 15. Qxc4 Rc8 16. Qa6 Nd5 17. Qxa7 Qg5+ 18. Kf1 Qh5 19. Ke2 Rfd8 20. Nxd5
exd5 21. b4 d4 22. Be1 d3+ 23. Rxd3 Rxd3 24. Kxd3 Qd5+ 25. Ke2 Qc4+ 26. Kd1
Bxe3 0-1

[Event "Pardubice Open A"]
[Site "?"]
[Date "2015.08.01"]
[Round "9.77"]
[White "DOVZHENKO, Viktor"]
[Black "MACHAN, Jan"]
[Result "1/2-1/2"]
[WhiteElo "2189"]
[BlackElo "2286"]
[PlyCount "263"]
[EventDate "2015.??.??"]
[WhiteClock "0:01:43"]
[BlackClock "0:18:09"]

1. e4 d6 2. d4 Nf6 3. Nc3 e5 4. Nf3 Nbd7 5. Be2 Be7 6. h3 c6 7. a4 exd4 8. Qxd4
Nc5 9. O-O a5 10. e5 Ne6 11. Qe3 dxe5 12. Nxe5 Qc7 13. Bd3 O-O 14. Re1 Bc5 15.
Qe2 Re8 16. Qf1 Nh5 17. Kh1 Nd4 18. Nc4 Bxh3 19. Nd2 Bg4 20. Nce4 Qe7 21. Re3
Nf5 22. Rh3 Bxh3 23. gxh3 Be3 24. Qd1 g6 25. fxe3 Nxe3 26. Qf3 Nd5 27. Nf1 f5
28. Nf2 Qe1 29. b3 Re3 30. Bxe3 Qxa1 31. Bh6 Re8 32. Kg2 Qd4 33. Bc4 Kh8 34.
Bd2 Nhf6 35. Bxa5 Ne3+ 36. Nxe3 Rxe3 37. Qd1 Qe5 38. Qd8+ Ne8 39. Bb6 c5 40.
Qd5 Rg3+ 41. Kh2 Qxd5 42. Bxd5 Rc3 43. Bxb7 Nd6 44. Bc6 Rxc2 45. Kg1 Nc8 46.
Bc7 Kg7 47. Bd5 Ne7 48. Bc4 Nc6 49. Nd3 Nd4 50. a5 Nf3+ 51. Kf1 Nd2+ 52. Ke1
Nxc4 53. bxc4 Rxc4 54. Kd2 g5 55. a6 Ra4 56. Nxc5 Ra3 57. Bb8 Rxh3 58. a7 Ra3
59. Nd7 f4 60. Nb6 h5 61. a8=Q Rxa8 62. Nxa8 Kg6 63. Ke2 Kf5 64. Nb6 h4 65. Nd5
Ke4 66. Nc3+ Kf5 67. Kf2 h3 68. Nd5 Ke4 69. Nc3+ Kf5 70. Kg1 Kg4 71. Kh2 Kh4
72. Ne4 Kg4 73. Nf2+ Kf3 74. Nxh3 Kg4 75. Bc7 Kf5 76. Kg2 f3+ 77. Kg3 g4 78.
Nf2 Ke6 79. Kxg4 Kd7 80. Bf4 Kc8 81. Kxf3 Kb7 82. Ke4 Kc6 83. Kd4 Kb5 84. Nd3
Kb6 85. Kc4 Kc6 86. Nb4+ Kb6 87. Be5 Kb7 88. Kb5 Ka8 89. Nd5 Kb7 90. Nc7 Ka7
91. Kc6 Kb8 92. Kb6 Kc8 93. Nb5 Kd7 94. Nd4 Ke7 95. Kc6 Kf7 96. Kd6 Kg6 97. Ke6
Kh5 98. Kf5 Kh4 99. Kf4 Kh3 100. Kf3 Kh4 101. Nc6 Kh3 102. Ne7 Kh4 103. Nd5 Kg5
104. Ne3 Kg6 105. Ke4 Kf7 106. Kd5 Ke7 107. Nc4 Kf7 108. Bf4 Ke7 109. Bd6+ Kf6
110. Ne3 Kf7 111. Nc4 Kf6 112. Be5+ Kg5 113. Ke4 Kh4 114. Ne3 Kg5 115. Bg3 Kf6
116. Kd5 Ke7 117. Nc4 Kf6 118. Bd6 Kg5 119. Ke4 Kg4 120. Be5 Kg5 121. Bd6 Kg4
122. Bf4 Kh3 123. Ne3 Kh4 124. Kf5 Kh3 125. Be5 Kh4 126. Ke4 Kh3 127. Kf3 Kh4
128. Kg2 Kg5 129. Kg3 Kg6 130. Kg4 Kf7 131. Kf5 Ke7 132. Ke4 1/2-1/2

[Event "Pardubice Open A"]
[Site "?"]
[Date "2015.08.01"]
[Round "9.78"]
[White "BEKHOVSKIY, Mikhail"]
[Black "ZHYLKAIDAROVA, Sholpan"]
[Result "1-0"]
[WhiteElo "2286"]
[BlackElo "2145"]
[PlyCount "87"]
[EventDate "2015.??.??"]
[WhiteClock "0:43:44"]
[BlackClock "0:18:52"]

1. e4 e6 2. d4 d5 3. Nc3 Bb4 4. exd5 Qxd5 5. Nge2 c5 6. Be3 cxd4 7. Qxd4 Qxd4
8. Bxd4 Nf6 9. O-O-O Nc6 10. Bxf6 gxf6 11. g3 Bd7 12. Ne4 Be7 13. Bg2 O-O-O 14.
N2c3 a6 15. Nd6+ Bxd6 16. Rxd6 Kc7 17. Rhd1 Bc8 18. Rxd8 Rxd8 19. Bxc6 bxc6 20.
Ne4 f5 21. Rxd8 Kxd8 22. Nd6 f6 23. Nxc8 Kxc8 24. b4 Kc7 25. c4 Kd6 26. Kd2 e5
27. Kd3 Ke6 28. a4 Kd6 29. h4 Kc7 30. h5 Kd6 31. h6 Kc7 32. c5 Kd7 33. Kc4 Kc7
34. b5 cxb5+ 35. axb5 axb5+ 36. Kxb5 f4 37. gxf4 exf4 38. f3 f5 39. Kc4 Kc6 40.
Kd4 Kd7 41. Ke5 Kc6 42. Kxf4 Kxc5 43. Kxf5 Kd6 44. Kf6 1-0

[Event "Pardubice Open A"]
[Site "?"]
[Date "2015.08.01"]
[Round "9.80"]
[White "KRATOCHVIL, Karel"]
[Black "KUBIK, Michael"]
[Result "1-0"]
[WhiteElo "2154"]
[BlackElo "2275"]
[PlyCount "83"]
[EventDate "2015.??.??"]
[WhiteClock "0:29:18"]
[BlackClock "0:27:19"]

1. Nf3 f5 2. c4 Nf6 3. Nc3 g6 4. g3 Bg7 5. Bg2 O-O 6. O-O d6 7. d4 c6 8. Bf4
Na6 9. Re1 Nh5 10. a3 Qc7 11. Qb3 Kh8 12. Rad1 e5 13. Bc1 e4 14. Ng5 Qe7 15. d5
h6 16. Nh3 c5 17. f3 g5 18. fxe4 f4 19. Bf3 fxg3 20. Bxh5 Bxh3 21. hxg3 Be5 22.
Nb5 Rf6 23. g4 Raf8 24. Qxh3 Rf2 25. Bg6 Rh2 26. Qxh2 Bxh2+ 27. Kxh2 Qe5+ 28.
Kg2 Kg7 29. Bf5 Rxf5 30. exf5 Qe4+ 31. Kg3 h5 32. gxh5 Qh4+ 33. Kf3 Qh3+ 34.
Ke4 Kf6 35. Rf1 Qg3 36. Bd2 Nb8 37. Bc3+ Kf7 38. Rf3 Qh2 39. Kd3 Nd7 40. Re3 a6
41. Nc7 g4 42. f6 1-0

[Event "Pardubice Open A"]
[Site "?"]
[Date "2015.08.01"]
[Round "9.81"]
[White "PULPAN, Jakub"]
[Black "BARAEVA, Irina"]
[Result "1/2-1/2"]
[WhiteElo "2263"]
[BlackElo "2122"]
[PlyCount "145"]
[EventDate "2015.??.??"]
[WhiteClock "0:09:17"]
[BlackClock "0:00:51"]

1. d4 d5 2. c4 c6 3. Nf3 Nf6 4. Qb3 dxc4 5. Qxc4 Bf5 6. g3 e6 7. Bg2 Be7 8. O-O
Nbd7 9. Nc3 O-O 10. Re1 Ne4 11. Qb3 Qb6 12. Nh4 Bxh4 13. gxh4 Nxc3 14. bxc3 Bg6
15. e4 h6 16. Bf4 Rfe8 17. Rab1 Qxb3 18. Rxb3 b6 19. Bd6 e5 20. Bh3 Nf6 21. f3
exd4 22. cxd4 Rad8 23. Be5 Nh5 24. Ra3 Re7 25. Rc1 c5 26. Rc4 f6 27. Bg3 Nxg3
28. hxg3 cxd4 29. Rd3 Bf7 30. Rdxd4 Rxd4 31. Rxd4 Bxa2 32. Rd8+ Kf7 33. h5 Rc7
34. Rb8 Bc4 35. Kf2 Ke7 36. Ke3 b5 37. Kd4 a5 38. Ra8 a4 39. Ra5 Kd6 40. Ra6+
Ke7 41. Ra5 Bf7 42. Bf1 Bxh5 43. Bxb5 Bxf3 44. Bxa4 Kf7 45. e5 fxe5+ 46. Kxe5
g5 47. Ra6 Kg7 4

[Event "Pardubice Open A"]
[Site "Pardubice (CZE)"]
[Date "2015.08.01"]
[Round "9.83"]
[White "FELDTMANN, Thomas"]
[Black "CHEKLETSOV, Ilya"]
[Result "0-1"]
[WhiteElo "2255"]
[BlackElo "2113"]
[PlyCount "110"]
[EventDate "2015.07.24"]

1. d4 Nf6 2. Bg5 e6 3. e4 d5 4. e5 h6 5. Be3 Nfd7 6. Nd2 c5 7. c3 Nc6 8. Ngf3
f6 9. Nh4 Qb6 10. Ng6 Rg8 11. exf6 Nxf6 12. Nxf8 Rxf8 13. Qc2 cxd4 14. cxd4 Bd7
15. Nf3 Ne4 16. Be2 Qb4+ 17. Kf1 Rc8 18. Qb3 Qxb3 19. axb3 Nb4 20. Ne1 Nc2 21.
Nxc2 Rxc2 22. Rxa7 Rxb2 23. g3 Rxb3 24. Ra8+ Ke7 25. Rxf8 Kxf8 26. Kg2 b5 27.
Ra1 Nd6 28. Bd1 Rb4 29. Bf4 Nc4 30. Ra8+ Ke7 31. Rg8 g5 32. Bc7 Be8 33. Rh8 Kd7
34. Rh7+ Kc6 35. h4 Rb2 36. Bg4 Ne3+ 37. Kf3 Nxg4 38. Kxg4 gxh4 39. gxh4 Rxf2
40. Ba5 h5+ 41. Kg3 Ra2 42. Bb4 Ra4 43. Bc5 Rc4 44. Kf4 b4 45. Rh8 Bd7 46. Ke5
Rxc5 47. dxc5 Kxc5 48. Rxh5 b3 49. Rg5 b2 50. Rg1 Kc4 51. h5 Be8 52. Kxe6 d4
53. Rb1 Kc3 54. Ke5 d3 55. h6 Bg6 0-1

[Event "Pardubice Open A"]
[Site "Pardubice (CZE)"]
[Date "2015.08.01"]
[Round "9.85"]
[White "SHILOV, Sergej"]
[Black "BLAHYNKA, Martin"]
[Result "0-1"]
[WhiteElo "2201"]
[BlackElo "2420"]
[PlyCount "116"]
[EventDate "2015.07.24"]

1. e4 c5 2. Nf3 Nc6 3. c3 Nf6 4. e5 Nd5 5. d4 cxd4 6. Bc4 Nb6 7. Bb3 d5 8. exd6
Qxd6 9. O-O d3 10. Na3 a6 11. Ng5 e6 12. Nc4 Nxc4 13. Bxc4 Be7 14. Bxd3 Ne5 15.
Bc2 Qxd1 16. Rxd1 Bd7 17. Bf4 Ng6 18. Be3 Bc6 19. Be4 Rc8 20. Bxc6+ Rxc6 21.
Nf3 Bc5 22. Nd4 Rc8 23. Nc2 Be7 24. Bd4 O-O 25. Ne3 f5 26. g3 e5 27. Bb6 Rc6
28. Nd5 Kf7 29. a4 Bd6 30. Rac1 e4 31. b4 Ne5 32. b5 axb5 33. axb5 Rcc8 34. Nf4
Nc4 35. Bd4 Bxf4 36. gxf4 Nb2 37. Rd2 Nd3 38. Ra1 Ke6 39. Rxd3 exd3 40. Rd1 Kf7
41. Rxd3 Rfe8 42. Be5 Red8 43. Bd4 Rd5 44. b6 Rc6 45. Rh3 Rg6+ 46. Kf1 Rh6 47.
Rg3 Rg6 48. Rh3 h6 49. Re3 Rb5 50. Rd3 Rb1+ 51. Ke2 Rh1 52. Be5 Rxb6 53. Rd7+
Ke6 54. Rxg7 Rb2+ 55. Kd3 Rxh2 56. Rg6+ Ke7 57. Bd4 b5 58. Rf6 Rh3+ 0-1

[Event "Pardubice Open A"]
[Site "Pardubice (CZE)"]
[Date "2015.08.01"]
[Round "9.86"]
[White "GRIGORIAN, Spartak"]
[Black "DRORI, Saar"]
[Result "1-0"]
[WhiteElo "2351"]
[BlackElo "2203"]
[PlyCount "79"]
[EventDate "2015.07.24"]

1. d4 Nf6 2. c4 c5 3. d5 e6 4. Nc3 exd5 5. cxd5 d6 6. Nf3 g6 7. h3 Bg7 8. e4
O-O 9. Bd3 b5 10. Nxb5 Re8 11. O-O Nxe4 12. Re1 a6 13. Nc3 Nxc3 14. Rxe8+ Qxe8
15. bxc3 Bxc3 16. Rb1 Nd7 17. Qa4 Qd8 18. Rb3 Be5 19. Bf1 Rb8 20. Nxe5 dxe5 21.
Qc6 Rxb3 22. axb3 Kg7 23. h4 h6 24. h5 g5 25. Bb2 a5 26. Qd6 Qe8 27. Bb5 Kh7
28. g3 Qf8 29. Qc7 Qe8 30. Qxa5 Qe7 31. Qc7 Qe8 32. Qd6 Qf8 33. Qc6 Qd8 34. Bc3
Qf8 35. Qc7 Qe8 36. Bd2 Kg7 37. Be3 Kh7 38. Bxc5 Kg7 39. Ba3 Kh7 40. Bb2 1-0